000 00280nam a2200121 i 4500
001 bg
245 0 _aZabezpieczenia antykorozyjne w budownictwie.
260 _aCzęstochowa,
_c1985.
040 _cBPK
041 _apol
942 _cKS
008 s pl f |000 0 pol
999 _c23053
_d23053
856 _uhttp://koha.tu.koszalin.pl/cgi-bin/koha/opac-detail.pl?biblionumber=23053
_yKatalog online BPK